England Rugby Union Team - 2022 Six Nations Championship. - Statistics

General Stats
  • This quiz has been taken 117 times
    110 since last reset
  • The average score is 20 of 39
Answer Stats
Player % Correct
Jamie George
91%
Owen Farrell
90%
Ellis Genge
87%
Joe Marler
86%
Marcus Smith
86%
Ben Youngs
85%
George Ford
81%
Courtney Lawes
80%
Maro Itoje
80%
Tom Curry
74%
Luke Cowan-Dickie
73%
Jonny May
72%
Kyle Sinckler
69%
Elliot Daly
67%
Freddie Steward
66%
Henry Slade
65%
Harry Randall
52%
Jonny Hill
50%
Ollie Chessum
50%
George Furbank
49%
Jack Nowell
49%
Sam Simmonds
44%
Raffi Quirke
41%
Lewis Ludlam
40%
Will Stuart
40%
Jamie Blamire
37%
Bevan Rodd
34%
Joe Marchant
34%
Alex Dombrandt
31%
Charlie Ewels
29%
Joe Heyes
29%
Ollie Hassell-Collins
27%
Max Malins
26%
Tommy Freeman
24%
Orlando Bailey
19%
Mark Atkinson
17%
Luke Northmore
13%
Nick Isiekwe
12%
Alfie Barbeary
10%
No matching quizzes found
Score Distribution
Percent of People with Each Score
Percentile by Number Answered
Your Score History
You have not taken this quiz since the last reset